000 00551nam a22001937a 4500
005 20251015153942.0
008 251015b |||||||| |||| 00| 0 eng d
040 _aMAIN
082 _a530.41
_bK836S
100 _aKomal
245 _aStudy of structural, optical and electrical properties of modified tellurite glasses
260 _bDepartment of Physics, M D University, Rohtak
_c2025
300 _ax, 196
650 _aPhysics
650 _aOptical Properties
650 _aElectrical Properties
700 _aParmar, Rajesh
942 _cTH
999 _c393587
_d393587